书目信息 |
| 题名: |
中文Adobe Photoshop 7.0 特效设计
|
|
| 作者: | 张丕军 , 杨顺花 编著 | |
| 分册: | ||
| 出版信息: | 北京 中国宇航出版社 2003.01 |
|
| 页数: | 519页 | |
| 开本: | 26cm | |
| 丛书名: | ||
| 单 册: | ||
| 中图分类: | TP , TP391.41 | |
| 科图分类: | ||
| 主题词: | 计算机应用 | |
| 电子资源: | ||
| ISBN: | 7-80144-505-8 | |
| 000 | 00669nam0 2200205 45 | |
| 001 | 0355666058 | |
| 005 | 20050107103115.13 | |
| 010 | @a7-80144-505-8@dCNY 66.00 | |
| 100 | @a20030415d2003 km y0chiy0120 ea | |
| 101 | 0 | @achi |
| 200 | 1 | @a中文Adobe Photoshop 7.0 特效设计@Azhong wen Adobe Photoshop 7.0 te xiao she ji@f张丕军,杨顺花编著@Fzhang pi jun,yang shun hua bian zhu |
| 210 | @a北京@c中国宇航出版社@d2003.01 | |
| 215 | @a519页@d26cm@e光盘1张(12cm) | |
| 606 | 0 | @a计算机应用 |
| 690 | @aTP@v3 | |
| 690 | @aTP391.41@v4 | |
| 701 | 0 | @a张丕军@Azhang pi jun@4编著 |
| 701 | 0 | @a杨顺花@Ayang shun hua@4编著 |
| 801 | 0 | @aCN@bPFT@c20050107 |
| 905 | @a10447@dTP391.41@eZ150 | |
| 中文Adobe Photoshop 7.0 特效设计/张丕军,杨顺花编著.-北京:中国宇航出版社,2003.01 |
| 519页;26cm+光盘1张(12cm) |
| ISBN 7-80144-505-8:CNY 66.00 |
| ● |
| 相关链接 |
|
|
|
正题名:中文Adobe Photoshop 7.0 特效设计
索取号:TP391.41/Z150
 
预约/预借
| 序号 | 登录号 | 条形码 | 馆藏地/架位号 | 状态 | 备注 |
| 1 | 365553 | 203655534 | 自科库301/ [索取号:TP391.41/Z150] | 在馆 | |
| 2 | 365554 | 203655543 | 自科库301/ [索取号:TP391.41/Z150] | 在馆 | |
| 3 | 394216 | 203942163 | 自科库301/301自科库 68排3列4层/ [索取号:TP391.41/Z150] | 在馆 | |
| 4 | 394217 | 203942172 | 自科二线404/404自科库 15排1列1层/ [索取号:TP391.41/Z150] | 在馆 | |
| 5 | 394218 | 203942181 | 自科库301/ [索取号:TP391.41/Z150] | 在馆 | |
| 6 | 433410 | 204334103 | 自科二线504/504自科库 5排4列4层/ [索取号:TP391.41/Z150] | 在馆 | |
| 7 | 433411 | 204334112 | 自科库301/301自科库 68排3列4层/ [索取号:TP391.41/Z150] | 在馆 | |
| 8 | 433412 | 204334121 | 自科二线404/404自科库 14排6列1层/ [索取号:TP391.41/Z150] | 在馆 | |
| 9 | 435309 | 204353092 | 自科二线504/504自科库 2排4列1层/ [索取号:TP391.41/Z150] | 在馆 | |
| 10 | 435310 | 204353109 | 自科库301/ [索取号:TP391.41/Z150] | 在馆 | |
| 11 | 469572 | 204695721 | 自科二线504/504自科库 2排4列1层/ [索取号:TP391.41/Z150] | 在馆 |